us. (Lyrics)- Gracie Abrams ft. Taylor Swift - Statistics

General Stats
  • This quiz has been taken 93 times
  • The average score is 264 of 322
Answer Stats
Answer % Correct
us
98%
us?
98%
Us
98%
(Us)
98%
you
98%
You
98%
a
97%
I
97%
It
97%
it
97%
an
95%
Do
95%
do
95%
the
95%
The
95%
And
93%
and
93%
be
93%
miss
93%
so
93%
So
93%
up
92%
we're
92%
were
92%
like
90%
me
90%
on
90%
your
90%
night
88%
of
88%
talkin'
88%
in
86%
know
86%
was
86%
felt
85%
if
85%
somethin'
85%
held
83%
see
83%
That
83%
what
83%
"What
83%
you'll
83%
false
81%
just
81%
secret
81%
always
80%
how
80%
old
80%
You're
80%
can
78%
history's
78%
my
78%
when
78%
years
78%
end
76%
mine?
76%
mine
76%
regret
76%
ashes
75%
clear
75%
doin'?"
75%
gave
75%
hell
75%
joke
75%
never
75%
twenty-nine
75%
lovers
73%
profits
73%
prophets
73%
ten
73%
Babylon
71%
Bly
71%
give
71%
ruins
71%
months
69%
now
69%
past
69%
through
69%
Wonder
69%
her
68%
I've
68%
or
68%
could've
66%
don't
66%
from
66%
ghost
66%
poetry
66%
read
66%
show
66%
smoke
66%
someone
66%
They
66%
watchin'
66%
ends
64%
flame
64%
flames
64%
hangin'
64%
learned
64%
miracle
64%
cold
63%
fate
63%
sonnets
63%
curse
61%
known
61%
line
61%
make
61%
Robert
61%
shame
61%
vine
61%
gifts
59%
holy
59%
nightstand
59%
becomes
58%
fuck
58%
ironic
58%
margins
58%
open
58%
oracle
58%
play
58%
seemed
58%
chemical
56%
Did
54%
incomparable
54%
mind
54%
plus
54%
She'll
54%
bleedin'
53%
home?
49%
missed
49%
calls
47%
lifetimes
47%
hearse
44%
for
41%
way
39%
best
36%
kind
36%
Mistaken
36%
outline
36%
pain
34%
sometimes
34%
strangers
34%
well
31%
reign
29%
sould
22%
No matching quizzes found
Score Distribution
Percent of People with Each Score
Percentile by Number Answered
Your Score History
You have not taken this quiz